Normal view
MARC view
- Labor economics
Entry Topical Term
001 - CONTROL NUMBER
- control field: 35813
003 - CONTROL NUMBER IDENTIFIER
- control field: NUST
005 - DATE AND TIME OF LATEST TRANSACTION
- control field: 20210303163020.0
008 - FIXED-LENGTH DATA ELEMENTS
- fixed length control field: 210303|| aca||aabn | a|a d
040 ## - CATALOGING SOURCE
- Original cataloging agency: NUST
- Transcribing agency: NUST
150 ## - HEADING--TOPICAL TERM
- Topical term or geographic name entry element: Labor economics
670 ## - SOURCE DATA FOUND
- Source citation: Work cat.: (NUST)3414: Handbook of labor economics., 1999.
